000 01323nam a2200349 c 4500
003 BLK
005 20230605100955.0
008 180411b bul|||||r ||||||| ||bul||
010 _aKNG00186654000
020 _a978-619-7172-09-6
_bиздат.: Точица
040 _aBLK
041 _aBUL
_cBUL
072 7 _2bullib
_aН85
_xДетска художествена литература Н
080 _aБългарска литература
_b821.163.2
_x-93-3
_z821.163.2-93-3
700 1 _aГригоров, Ясен
_eавт. и прев.
_9383476
139 _aГригоров, Ясен
_bГ 82
245 1 0 _aАнгелите пазители
_cавт. и прев. Ясен Григоров.
257 _aBGR
260 София
_bТочица
_c2015
300 _a28 с.
_bс цв. ил.
_c16Х18 см
380 _aDX
500 _aОриг. загл. Les Anges gardiens / Yassen Grigorov. - 500 тир. - Съдържа и за авт.
653 _aлитература за деца
653 _aдетска литература
659 _aН
852 _aЦб І 36746
856 4 _qpdf
_u
856 4 _qpdf
_u
942 _cKNG
_n0
_01
944 _aCR
_c19.02.2016
_lф /
_kВиолета_Тройчева
944 _aED
_c22.06.2017
_lф /
_kПенка_Димитрова
999 _c177957
_d177957